000 01701nam a2200409Ia 4500
001 dia_5645
003 CHAP
005 20240214185231.0
007 ta
008 220117s1998 mx e fr 001 0 spa d
040 _cCHAP
_amxchpua
090 _aT.C.250
_bB38 ETIPA
_c1998
245 1 0 _aEstudio técnico ingenieril de Productos Pesqueros de Mazatlán S. A. de C. V. /
_ccoordinador Marco Vinicio Bañuelos Gudiño ; colaboradores Alipio Arciniega López...[et al.]
260 _aMéxico :
_bEl autor,
_c1998
300 _acerca 100 hojas :
_bdiagramas, tablas, planos
336 _2rdacontent
_atexto
_btxt
337 _2rdamedia
_asin medio
_bn
338 _2rdacarrier
_avolumen
_bnc
500 _aEl ejemplar 2 no contiene planos 7° año
502 _aViaje de Estudios
_b(ETIPA) --
_cUACh. Departamento de Ingeniería Agroindustrial,
_d1998
504 _aBibliografía: hoja 53
505 _a4 planos -- 1. Plano de distribución de áreas -- 2. Plano de servicios de la planta enlatadora de atún Nair -- 3. D. T. I. del área de descongelado (Esc. 1:50) -- 4. Diagrama de flujo planta enlatadora de atún
650 1 3 _aAtún
_98265
650 1 3 _aAtún enlatado
_9159113
650 1 3 _aIndustria pesquera
_9151441
_zMéxico
_zSinaloa
650 1 3 _aFish industry
_9157067
_zMexico
_zSinaloa
650 1 3 _aTuna
_9115544
700 1 _aBañuelos Gudiño, Mario Marco Vinicio
_9156618
_ecoordinador
700 1 _aArciniega López, Alipio
_96830
_ecolaborador
901 _aT.C.250 B38 ETIPA 1998
902 _aM
905 _a5332271998 mx en 8223113322spa16
942 _2local
942 _cVE
999 _c176570
_d176570